[Event "Rilton Cup 51st"]
[Site "Stockholm"]
[Date "2024.01.05"]
[Round "9"]
[White "Kavutskiy, Konstantin"]
[Black "Yordanov, Lachezar"]
[Result "1/2-1/2"]
[WhiteElo "2384"]
[BlackElo "2312"]
[PlyCount "83"]
[EventDate "2023.12.27"]
[EventType "swiss"]
[EventRounds "9"]
[EventCountry "SWE"]
[SourceTitle "CB02_2024"]
[SourceDate "2024.01.10"]
[SourceVersion "1"]
[SourceVersionDate "2024.01.10"]
[SourceQuality "1"]

1. d4 Nf6 2. Bg5 d5 3. e3 c5 4. Bxf6 gxf6 5. dxc5 e6 6. Nf3 Nd7 7. c4 dxc4 8. Bxc4 Nxc5 9. Qc2 Bd7 10. 0-0 b5 11. Be2 Rc8 12. Rd1 Bg7 13. Bxb5 0-0 14. Nc3 Qe7 15. Bxd7 Nxd7 16. e4 Nb6 17. Rd3 Rc5 18. Rad1 Rfc8 19. Qe2 h6 20. Nd4 Kh7 21. f4 f5 22. e5 Nc4 23. Kh1 Qb7 24. Nb3 R5c7 25. h3 Qb4 26. Rd4 Qb7 27. R1d3 Qb6 28. g4 fxg4 29. hxg4 Qb7+ 30. Kh2 f6 31. Qc2 Kg8 32. Rd8+ Kf7 33. exf6 Bxf6 34. R3d7+ Rxd7 35. Qh7+ Bg7 36. Qg8+ Kf6 37. Rxc8 Qf3 38. Rf8+ Bxf8 39. Qxf8+ Kg6 40. Qg8+ Kf6 41. Qf8+ Kg6 42. Qg8+ 1/2-1/2

[Event "Rilton Cup 51st"]
[Site "Stockholm"]
[Date "2024.01.04"]
[Round "8"]
[White "Koykka, Pekka"]
[Black "Yordanov, Lachezar"]
[Result "0-1"]
[WhiteElo "2351"]
[BlackElo "2312"]
[PlyCount "106"]
[EventDate "2023.12.27"]
[EventType "swiss"]
[EventRounds "9"]
[EventCountry "SWE"]
[SourceTitle "CB02_2024"]
[SourceDate "2024.01.10"]
[SourceVersion "1"]
[SourceVersionDate "2024.01.10"]
[SourceQuality "1"]

1. d4 Nf6 2. Bg5 d5 3. Bxf6 exf6 4. e3 c6 5. g3 g6 6. Bg2 Bg7 7. Ne2 h5 8. h4 Bg4 9. Nd2 Nd7 10. b3 0-0 11. 0-0 Re8 12. Re1 g5 13. Nf3 Nf8 14. Qd3 Ng6 15. Rad1 gxh4 16. Nxh4 Nxh4 17. gxh4 Bh6 18. c4 f5 19. cxd5 cxd5 20. Ng3 Bxd1 21. Nxf5 Bg4 22. Nxh6+ Kg7 23. Nxg4 hxg4 24. Qf5 Qxh4 25. Bxd5 Re7 26. Qf4 Rh8 27. Bg2 Rh6 28. e4 Rf6 29. Qe3 Qh6 30. e5 Ra6 31. Qe2 Qf4 32. Bxb7 Rh6 33. Be4 f6 34. Bg2 fxe5 35. dxe5 g3 36. e6 Rhxe6 37. Qb2+ Kh7 38. Qc2+ Kh6 39. Rf1 Re2 40. Qc6+ R7e6 41. Qf3 Qxf3 42. Bxf3 Rxa2 43. fxg3 Re3 44. Bd5 Rxg3+ 45. Kh1 Kg5 46. Bc4 Rg4 47. Rf3 Rf4 48. Rg3+ Kh4 49. Rg2 Rff2 50. Rxf2 Rxf2 51. Kg1 Kg3 52. Bf1 a5 53. Bc4 Rc2 0-1

[Event "Sant Boi de Llobregat op 4th"]
[Site "Sant Boi de Llobregat"]
[Date "2023.12.06"]
[Round "7"]
[White "Yordanov, Lachezar"]
[Black "Nasuta, Grzegorz"]
[Result "0-1"]
[WhiteElo "2312"]
[BlackElo "2579"]
[PlyCount "134"]
[EventDate "2023.11.30"]
[EventType "swiss"]
[EventRounds "9"]
[EventCountry "ESP"]
[SourceTitle "CB50_2023"]
[SourceDate "2023.12.13"]
[SourceVersion "1"]
[SourceVersionDate "2023.12.13"]
[SourceQuality "1"]

1. d4 d5 2. c4 e6 3. Nf3 Nf6 4. g3 dxc4 5. Bg2 Nbd7 6. 0-0 Rb8 7. Qc2 b5 8. b3 cxb3 9. axb3 a6 10. Bf4 Nd5 11. Bg5 Be7 12. Bxe7 Qxe7 13. e4 Nb4 14. Qxc7 0-0 15. Nbd2 Bb7 16. Ne5 Rfd8 17. f4 f6 18. Nef3 Nc6 19. f5 e5 20. dxe5 fxe5 21. f6 gxf6 22. Bh3 Nc5 23. Qxe7 Nxe7 24. b4 Nd3 25. Nb3 Nxb4 26. Nc5 Bc8 27. Bxc8 Rbxc8 28. Nxa6 Nc2 29. Rab1 Rd6 30. Nb4 Nxb4 31. Rxb4 Rb8 32. Rfb1 Rdb6 33. Ne1 Nc6 34. R4b2 Nd4 35. Nd3 Rc8 36. Nb4 Kg7 37. Ra2 Rb7 38. Rf1 Rc4 39. Nd5 Rf7 40. Ra6 Rc6 41. Ra8 Rb7 42. Nb4 Rd6 43. Rc8 Nb3 44. Nd5 Nd4 45. Nb4 Rdd7 46. Rf2 Rdc7 47. Ra8 Rc4 48. Nd5 Rc1+ 49. Kg2 Rc2 50. Nb4 Rxf2+ 51. Kxf2 Rc7 52. Rb8 Rc4 53. Nd5 Rc2+ 54. Ke3 Rxh2 55. Rb7+ Kg6 56. Rb6 Re2+ 57. Kd3 Rf2 58. Rb8 h5 59. Rh8 Rh2 60. Rf8 Kg7 61. Rxf6 Rh3 62. Ra6 Rxg3+ 63. Kd2 h4 64. Ne3 h3 65. Ra7+ Kg6 66. Ra8 h2 67. Rh8 Rg1 0-1

[Event "Benidorm op-A"]
[Site "Benidorm"]
[Date "2023.11.01"]
[Round "5"]
[White "Mannion, Stephen R"]
[Black "Yordanov, Lachezar"]
[Result "1/2-1/2"]
[WhiteElo "2179"]
[BlackElo "2323"]
[PlyCount "75"]
[EventDate "2023.10.29"]
[EventType "swiss"]
[EventRounds "9"]
[EventCountry "ESP"]
[SourceTitle "Mega2024 Update 01"]
[Source "Chessbase"]
[SourceDate "2023.11.12"]
[SourceVersion "1"]
[SourceVersionDate "2023.11.12"]
[SourceQuality "1"]

1. e4 c6 2. d4 d5 3. e5 Bf5 4. Nd2 e6 5. Nb3 Nd7 6. Nf3 Qc7 7. Be2 c5 8. dxc5 Bxc5 9. Nxc5 Qxc5 10. c3 Ne7 11. 0-0 0-0 12. Bf4 h6 13. Bg3 a6 14. Nd4 Bh7 15. Bd3 Bxd3 16. Qxd3 Qc4 17. Qe3 Nc5 18. Rfd1 Ne4 19. f3 Nxg3 20. hxg3 b5 21. a3 a5 22. f4 b4 23. cxb4 axb4 24. Rac1 Qa6 25. axb4 Qb6 26. b5 Ra4 27. b3 Rb4 28. Qf2 Rc8 29. Rxc8+ Nxc8 30. Rd3 Qc5 31. Kh2 Na7 32. Qd2 Nxb5 33. Nxb5 Qxb5 34. Qc3 Qb7 35. Qc2 d4 36. Qc5 Rxb3 37. Rxb3 Qxb3 38. Qxd4 1/2-1/2

[Event "Benidorm op-A"]
[Site "Benidorm"]
[Date "2023.10.29"]
[Round "1"]
[White "Lopez Martinez, Jaime"]
[Black "Yordanov, Lachezar"]
[Result "0-1"]
[WhiteElo "2020"]
[BlackElo "2323"]
[PlyCount "62"]
[EventDate "2023.10.29"]
[EventType "swiss"]
[EventRounds "9"]
[EventCountry "ESP"]
[SourceTitle "Mega2024 Update 01"]
[Source "Chessbase"]
[SourceDate "2023.11.12"]
[SourceVersion "1"]
[SourceVersionDate "2023.11.12"]
[SourceQuality "1"]

1. e4 c5 2. Nf3 Nc6 3. d4 cxd4 4. Nxd4 e6 5. Nc3 Qc7 6. g3 a6 7. Bg2 Nf6 8. 0-0 d6 9. Re1 Be7 10. b3 0-0 11. Bb2 Bd7 12. Qd2 Rac8 13. Rad1 Nxd4 14. Qxd4 Bc6 15. f4 b5 16. Kh1 Rfd8 17. Qe3 Ba8 18. Rd2 b4 19. Ne2 Qa5 20. c4 bxc3 21. Nxc3 d5 22. exd5 Nxd5 23. Nxd5 Bxd5 24. Bxd5 Rxd5 25. Red1 Rxd2 26. Qxd2 Qb6 27. Be5 Rd8 28. Qc2 Qb7+ 29. Kg1 Bc5+ 30. Kf1 Qf3+ 31. Ke1 Rxd1+ 0-1

[Event "Maia op 7th"]
[Site "Maia"]
[Date "2023.08.31"]
[Round "7"]
[White "Sousa, Andre Ventura"]
[Black "Yordanov, Lachezar"]
[Result "1-0"]
[WhiteElo "2445"]
[BlackElo "2316"]
[PlyCount "165"]
[EventDate "2023.08.25"]
[EventType "swiss"]
[EventRounds "9"]
[EventCountry "POR"]
[SourceTitle "EXT 2024"]
[Source "ChessBase"]
[SourceDate "2023.10.10"]
[SourceVersion "1"]
[SourceVersionDate "2023.10.10"]
[SourceQuality "1"]

1. e4 c5 2. Nf3 d6 3. d4 cxd4 4. Nxd4 Nf6 5. Nc3 a6 6. h3 e5 7. Nf3 Qc7 8. g4 h6 9. g5 hxg5 10. Nxg5 Nbd7 11. Be3 Be7 12. Rg1 Rf8 13. Qd2 b5 14. 0-0-0 Bb7 15. Kb1 Nb6 16. f4 b4 17. Bxb6 Qxb6 18. Nd5 Nxd5 19. exd5 0-0-0 20. Rg3 Kb8 21. Rb3 a5 22. a3 exf4 23. Qxf4 Bf6 24. axb4 a4 25. Ra3 Bxg5 26. Qxg5 Qxb4 27. Qxg7 Rg8 28. Qf6 Rde8 29. Qf2 Rg5 30. c4 Rge5 31. Rc3 R8e7 32. Ka2 Ka8 33. Rdc1 Rc7 34. h4 Ba6 35. Qc2 Bc8 36. Ra3 Bd7 37. Be2 Kb8 38. Rc3 Rb7 39. Bd3 Re3 40. Rb1 Rh3 41. Rf1 Rxh4 42. Rxf7 Rh3 43. Rf8+ Kc7 44. Ka1 Re3 45. Rf1 Kb8 46. Qh2 Rh3 47. Qc2 Re3 48. Qc1 Rg3 49. Rf8+ Ka7 50. Rf2 Qc5 51. Qf4 Rg1+ 52. Bf1 Rb3 53. Ka2 Qb6 54. Rfc2 Rxc3 55. Rxc3 Rg7 56. Qf6 Rh7 57. Qf4 Re7 58. Bh3 Re2 59. Qc1 Be8 60. Bg4 Rg2 61. Bf3 Rf2 62. Bd1 Bd7 63. Ra3 Rf1 64. Qd2 Qg1 65. Qa5+ Kb7 66. Qb4+ Kc7 67. c5 dxc5 68. d6+ Kxd6 69. Qb6+ Ke7 70. Rd3 Be6+ 71. Ka3 Qg8 72. Qxc5+ Kf6 73. Qd4+ Kf5 74. Rc3 Qg2 75. Rc5+ Kg6 76. Bh5+ Kh7 77. Rc7+ Bf7 78. Bxf7 Qg3+ 79. Rc3 Ra1+ 80. Ba2 Qh2 81. Qe4+ Kg7 82. Qe7+ Kg6 83. Rc6+ 1-0

[Event "Maia op 7th"]
[Site "Maia"]
[Date "2023.08.28"]
[Round "4"]
[White "Yordanov, Lachezar"]
[Black "Akhvlediani, Irakli"]
[Result "1/2-1/2"]
[WhiteElo "2316"]
[BlackElo "2390"]
[PlyCount "61"]
[EventDate "2023.08.25"]
[EventType "swiss"]
[EventRounds "9"]
[EventCountry "POR"]
[SourceTitle "EXT 2024"]
[Source "ChessBase"]
[SourceDate "2023.10.10"]
[SourceVersion "1"]
[SourceVersionDate "2023.10.10"]
[SourceQuality "1"]

1. d4 Nf6 2. c4 c5 3. d5 b5 4. cxb5 a6 5. bxa6 g6 6. Nc3 Bg7 7. e4 0-0 8. Be2 Qa5 9. Bd2 Bxa6 10. e5 Ne8 11. Nf3 Bxe2 12. Qxe2 Qa6 13. Be3 d6 14. exd6 exd6 15. Bf4 Nc7 16. Qxa6 Rxa6 17. 0-0 Bxc3 18. bxc3 Nxd5 19. Bh6 Rc8 20. c4 Nc3 21. Rfe1 Nc6 22. Rac1 Nxa2 23. Rcd1 Nab4 24. Rxd6 Nd4 25. Rxa6 Nxf3+ 26. gxf3 Nxa6 27. f4 Nc7 28. f5 Re8 29. Re3 Rxe3 30. Bxe3 Na6 31. fxg6 1/2-1/2

[Event "Plovdiv Tringov Memorial 45th"]
[Site "Plovdiv"]
[Date "2023.08.10"]
[Round "6"]
[White "Angelov, Kosta"]
[Black "Yordanov, Lachezar"]
[Result "1-0"]
[WhiteElo "1988"]
[BlackElo "2316"]
[PlyCount "112"]
[EventDate "2023.08.06"]
[EventType "swiss"]
[EventRounds "9"]
[EventCountry "BUL"]
[SourceTitle "EXT 2024"]
[Source "ChessBase"]
[SourceDate "2023.10.10"]
[SourceVersion "1"]
[SourceVersionDate "2023.10.10"]
[SourceQuality "1"]

1. e4 c6 2. d4 d5 3. exd5 cxd5 4. c4 Nf6 5. Nc3 e6 6. Nf3 Bb4 7. Be3 0-0 8. Bd3 dxc4 9. Bxc4 b6 10. 0-0 Bb7 11. Ne5 Nc6 12. f4 Ne7 13. Qb3 Bxc3 14. bxc3 Nf5 15. Rae1 Nd5 16. Bd2 Rc8 17. Bd3 Nde7 18. Qd1 Nd5 19. Qf3 Rc7 20. Qh3 h6 21. Bxf5 exf5 22. c4 Nf6 23. d5 Ng4 24. Bb4 Nxe5 25. fxe5 Re8 26. Qxf5 Qc8 27. e6 fxe6 28. Rxe6 Ba6 29. Rxe8+ Qxe8 30. Qf8+ Qxf8 31. Rxf8+ Kh7 32. d6 Rd7 33. c5 bxc5 34. Bxc5 Bc4 35. a3 Rb7 36. Kf2 a6 37. Ke3 Kg6 38. Kd4 Bb5 39. Rc8 Rf7 40. Rc7 Kf6 41. Kd5 Rd7 42. Bd4+ Kf7 43. Bxg7 h5 44. Be5 Kg6 45. Ke6 Rd8 46. d7 Rf8 47. Rc8 Bxd7+ 48. Kxd7 Rf2 49. Ke6 h4 50. Rg8+ Kh7 51. Rg7+ Kh6 52. Rg4 Kh5 53. Rxh4+ Kg5 54. Rh8 a5 55. h4+ Kg4 56. h5 Rc2 1-0

[Event "Plovdiv Tringov Memorial 45th"]
[Site "Plovdiv"]
[Date "2023.08.10"]
[Round "7"]
[White "Yordanov, Lachezar"]
[Black "Ivanova, Dilyana"]
[Result "1-0"]
[WhiteElo "2316"]
[BlackElo "1769"]
[PlyCount "111"]
[EventDate "2023.08.06"]
[EventType "swiss"]
[EventRounds "9"]
[EventCountry "BUL"]
[SourceTitle "EXT 2024"]
[Source "ChessBase"]
[SourceDate "2023.10.10"]
[SourceVersion "1"]
[SourceVersionDate "2023.10.10"]
[SourceQuality "1"]

1. d4 Nf6 2. c4 e6 3. Nf3 b6 4. a3 c5 5. d5 exd5 6. cxd5 d6 7. Nc3 Ba6 8. Qa4+ Qd7 9. Qc2 Be7 10. a4 0-0 11. g3 Bc4 12. Bg2 Na6 13. Nh4 Nb4 14. Qd1 Qb7 15. Nf5 Rae8 16. Ne3 Ba6 17. 0-0 Nd7 18. Re1 f5 19. Qb3 Bd8 20. Nb5 Bxb5 21. axb5 Ne5 22. Bd2 f4 23. Nc4 fxg3 24. fxg3 Nxc4 25. Qxc4 Bf6 26. Bxb4 cxb4 27. Qxb4 Qe7 28. Ra3 Bg5 29. e4 Qf6 30. Rf3 Qh6 31. Qa3 Rxf3 32. Bxf3 Rc8 33. Qxa7 Be3+ 34. Kg2 Rc2+ 35. Re2 Rxe2+ 36. Bxe2 Qf6 37. Qd7 h6 38. Qe8+ Kh7 39. Kh3 Qf2 40. Bh5 Qf1+ 41. Kg4 Qf6 42. Qf7 Qxf7 43. Bxf7 Bd4 44. Kf5 g5 45. Ke6 Kg7 46. Bh5 Be5 47. Kd7 Kf6 48. Kc6 Ke7 49. Kxb6 Kd7 50. Bg4+ Kd8 51. Kc6 h5 52. Bf5 Bd4 53. b6 h4 54. gxh4 gxh4 55. h3 Bc5 56. b7 1-0

[Event "Plovdiv Tringov Memorial 45th"]
[Site "Plovdiv"]
[Date "2023.08.08"]
[Round "4"]
[White "Stoyanov, Daniel"]
[Black "Yordanov, Lachezar"]
[Result "0-1"]
[WhiteElo "1917"]
[BlackElo "2316"]
[PlyCount "58"]
[EventDate "2023.08.06"]
[EventType "swiss"]
[EventRounds "9"]
[EventCountry "BUL"]
[SourceTitle "EXT 2024"]
[Source "ChessBase"]
[SourceDate "2023.10.10"]
[SourceVersion "1"]
[SourceVersionDate "2023.10.10"]
[SourceQuality "1"]

1. d4 Nf6 2. c4 e6 3. Nf3 d5 4. e3 Be7 5. Nc3 0-0 6. Bd3 b6 7. 0-0 Bb7 8. b3 Nbd7 9. Bb2 Rc8 10. Rc1 c5 11. Qe2 dxc4 12. Bxc4 Qc7 13. dxc5 bxc5 14. Rfd1 Rfd8 15. Ba6 Bxa6 16. Qxa6 Qb6 17. Qa4 c4 18. Nd2 Nc5 19. Qa3 Qb7 20. Nxc4 Nd3 21. Qa4 Nxc1 22. Rxc1 h6 23. Nb5 Rd5 24. Nd4 Rg5 25. g3 Rd5 26. Ba3 Bxa3 27. Qxa3 h5 28. h4 Ng4 29. Nf3 Rcd8 0-1

[Event "Shumen Stojan Ivanov Memorial"]
[Site "Shumen"]
[Date "2023.07.29"]
[Round "8"]
[White "Enchev, Ivajlo"]
[Black "Yordanov, Lachezar"]
[Result "0-1"]
[WhiteElo "2431"]
[BlackElo "2276"]
[PlyCount "144"]
[EventDate "2023.07.28"]
[EventType "swiss (rapid)"]
[EventRounds "11"]
[EventCountry "BUL"]
[SourceTitle "CBM 215 Extra"]
[Source "ChessBase"]
[SourceDate "2023.09.30"]
[SourceVersion "1"]
[SourceVersionDate "2023.09.30"]
[SourceQuality "1"]

1. d4 Nf6 2. c4 e6 3. Nf3 d5 4. Nc3 Bb4 5. Qa4+ Nc6 6. e3 0-0 7. Bd2 dxc4 8. Bxc4 Bd6 9. e4 e5 10. dxe5 Nxe5 11. Nxe5 Bxe5 12. 0-0-0 Qe7 13. Rhe1 c6 14. Qc2 b5 15. Bd3 Ng4 16. Re2 Bd4 17. e5 h6 18. f3 Nxe5 19. Bh7+ Kh8 20. Bf4 Bxc3 21. Qxc3 Kxh7 22. Bxe5 Qg5+ 23. f4 Qg6 24. Rd3 f6 25. Bd6 Re8 26. Rg3 Qh5 27. Rxe8 Qxe8 28. Re3 Qg8 29. Qd3+ Kh8 30. b3 Be6 31. f5 Bd5 32. g4 Re8 33. h4 Rxe3 34. Qxe3 Qd8 35. Bc5 a5 36. Bb6 Qb8 37. Bd4 Qh2 38. g5 Qh1+ 39. Kb2 Qg2+ 40. Kc1 Be4 41. Qf2 Qxf2 42. Bxf2 hxg5 43. hxg5 fxg5 44. Bb6 a4 45. bxa4 bxa4 46. Bd8 g4 47. f6 g6 48. Bb6 Kg8 49. Kd2 Kf7 50. Ke3 Bd5 51. a3 Kxf6 52. Kf4 Bf3 53. Ke3 Ke5 54. Bc7+ Kd5 55. Kd3 Bd1 56. Bg3 c5 57. Be1 Bb3 58. Ke3 Bc2 59. Kd2 Bf5 60. Kc3 Bc8 61. Bf2 Ba6 62. Be3 g3 63. Bg1 g2 64. Be3 Bc8 65. Bg1 Be6 66. Bf2 c4 67. Ba7 Ke4 68. Kd2 Kf3 69. Bd4 Kg3 70. Bg1 Kf3 71. Bd4 Bf7 72. Bg1 c3+ 0-1

[Event "Belgrade Serbia op"]
[Site "Belgrade"]
[Date "2023.07.18"]
[Round "3"]
[White "Cardoso Cardoso, Jose Gabriel"]
[Black "Yordanov, Lachezar"]
[Result "0-1"]
[WhiteElo "2480"]
[BlackElo "2288"]
[PlyCount "142"]
[EventDate "2023.07.16"]
[EventType "swiss"]
[EventRounds "9"]
[EventCountry "SRB"]
[SourceTitle "CBM 215 Extra"]
[Source "ChessBase"]
[SourceDate "2023.09.30"]
[SourceVersion "1"]
[SourceVersionDate "2023.09.30"]
[SourceQuality "1"]

1. e4 c5 2. Nf3 d6 3. d4 cxd4 4. Nxd4 Nf6 5. Nc3 a6 6. Bg5 Nbd7 7. Bc4 Qb6 8. Bb3 e6 9. Qd2 Be7 10. 0-0-0 Nc5 11. f3 Qc7 12. g4 b5 13. a3 0-0 14. Ba2 Bd7 15. Be3 Rab8 16. b4 Na4 17. Nxa4 bxa4 18. Kb2 a5 19. c3 Rfc8 20. Rc1 Be8 21. Bg5 Bb5 22. Nxb5 Rxb5 23. h4 Rcb8 24. Ka1 Rc8 25. Rhd1 Rb6 26. h5 h6 27. Be3 Rc6 28. g5 hxg5 29. Bd4 axb4 30. axb4 Nxh5 31. Rh1 g6 32. Rcg1 Kf8 33. c4 Qd8 34. f4 e5 35. Bc3 exf4 36. Rxh5 gxh5 37. Qd4 Ke8 38. Rd1 Qb6 39. c5 Rxc5 40. bxc5 Qxc5 41. Qxa4+ Qc6 42. Qxc6+ Rxc6 43. Kb2 g4 44. Bd5 Rc8 45. Bd4 Bg5 46. e5 dxe5 47. Bxe5 f3 48. Re1 Kf8 49. Rf1 Re8 50. Bc7 Kg7 51. Rg1 Kg6 52. Bg3 Rd8 53. Bc6 Rh8 54. Be4+ Kf6 55. Kc3 Rd8 56. Rh1 Re8 57. Kd3 Rd8+ 58. Kc3 h4 59. Rxh4 Rc8+ 60. Kd4 Bxh4 61. Bxh4+ Ke6 62. Bg3 f5 63. Bd3 Ra8 64. Ke3 Ra3 65. Kd4 Kf6 66. Bh4+ Kg6 67. Ke3 Kh5 68. Be7 f4+ 69. Ke4 Ra4+ 70. Kf5 g3 71. Bc2 f2 0-1

[Event "EU-ch 23rd"]
[Site "Vrnjacka Banja"]
[Date "2023.03.12"]
[Round "10"]
[White "Kostov, Deyan Samuil"]
[Black "Yordanov, Lachezar"]
[Result "1/2-1/2"]
[WhiteElo "2120"]
[BlackElo "2335"]
[PlyCount "115"]
[EventDate "2023.03.03"]
[EventType "swiss"]
[EventRounds "11"]
[EventCountry "SRB"]
[SourceTitle "CBM 213"]
[Source "ChessBase"]
[SourceDate "2023.04.30"]
[SourceVersion "1"]
[SourceVersionDate "2023.04.30"]
[SourceQuality "1"]

1. d4 Nf6 2. c4 e6 3. Nc3 Bb4 4. e3 0-0 5. Bd3 Re8 6. Nge2 d5 7. a3 Bf8 8. 0-0 Nbd7 9. b3 b6 10. Bb2 Bb7 11. Rc1 Rc8 12. Qc2 c5 13. Qb1 cxd4 14. exd4 dxc4 15. bxc4 e5 16. d5 Ba6 17. Ne4 Nxe4 18. Bxe4 g6 19. Bd3 Nc5 20. Ng3 Bg7 21. Be2 f5 22. Rfd1 Qd6 23. Bc3 Rc7 24. Nf1 Rec8 25. Nd2 Qd7 26. Bb4 Bh6 27. Qa2 Kh8 28. Rc2 Bg7 29. h3 e4 30. Rcc1 h5 31. Nb3 Nd3 32. Bxd3 exd3 33. Nd2 Bxc4 34. Rxc4 Rxc4 35. Nxc4 Qxd5 36. Qb1 Rxc4 37. Rxd3 Qc6 38. Rd1 Kh7 39. Qb3 a5 40. Bd2 a4 41. Qb1 b5 42. Bb4 Bd4 43. Qa2 Bg7 44. Qe2 Re4 45. Qd3 Rd4 46. Qxd4 Bxd4 47. Rxd4 Qc1+ 48. Kh2 f4 49. f3 Kg8 50. Rd5 Qc4 51. Rc5 Qd3 52. Rc8+ Kg7 53. Rc5 Kf7 54. Kh1 Ke6 55. Kh2 Qe2 56. Kh1 Kf7 57. Kh2 Kf6 58. Kh1 1/2-1/2

[Event "EU-ch 23rd"]
[Site "Vrnjacka Banja"]
[Date "2023.03.07"]
[Round "5"]
[White "Yordanov, Lachezar"]
[Black "Valsecchi, Alessio"]
[Result "0-1"]
[WhiteElo "2335"]
[BlackElo "2505"]
[PlyCount "96"]
[EventDate "2023.03.03"]
[EventType "swiss"]
[EventRounds "11"]
[EventCountry "SRB"]
[SourceTitle "CBM 213"]
[Source "ChessBase"]
[SourceDate "2023.04.30"]
[SourceVersion "1"]
[SourceVersionDate "2023.04.30"]
[SourceQuality "1"]

1. d4 Nf6 2. c4 e6 3. Nc3 d5 4. cxd5 exd5 5. Bg5 c6 6. e3 h6 7. Bh4 Be7 8. Bd3 0-0 9. Nge2 Re8 10. 0-0 a5 11. Rc1 Nbd7 12. f3 b5 13. Kh1 Nb6 14. Bf2 Bf8 15. Qc2 Ba6 16. Bg1 a4 17. Nd1 Rc8 18. b3 Ba3 19. Rb1 c5 20. dxc5 Bxc5 21. Bf5 Rc7 22. Qd2 b4 23. Re1 g6 24. Bd3 Ne4 25. Bxe4 dxe4 26. Qxd8 Rxd8 27. bxa4 Nxa4 28. Nd4 Bb7 29. fxe4 Bxe4 30. Rc1 Re7 31. Nf2 Bd5 32. Nd3 Bd6 33. Nc6 Bxc6 34. Rxc6 Bg3 35. hxg3 Rxd3 36. Rc4 Nc3 37. Rxb4 Ne4 38. g4 Ra3 39. Bh2 Rxa2 40. Kg1 Kg7 41. Rd4 g5 42. Rc4 Re6 43. Rb4 Kg6 44. Rc4 Rd2 45. Bb8 Rb2 46. Ba7 Ra2 47. Bd4 Nf6 48. Kh2 Rd2 0-1

[Event "EU-ch 23rd"]
[Site "Vrnjacka Banja"]
[Date "2023.03.05"]
[Round "3"]
[White "Yordanov, Lachezar"]
[Black "Nikanova, Ekaterina"]
[Result "1-0"]
[WhiteElo "2335"]
[BlackElo "2032"]
[PlyCount "111"]
[EventDate "2023.03.03"]
[EventType "swiss"]
[EventRounds "11"]
[EventCountry "SRB"]
[SourceTitle "CBM 213"]
[Source "ChessBase"]
[SourceDate "2023.04.30"]
[SourceVersion "1"]
[SourceVersionDate "2023.04.30"]
[SourceQuality "1"]

1. e4 c5 2. Nf3 e6 3. d4 cxd4 4. Nxd4 Nc6 5. Nc3 Qc7 6. g3 a6 7. Bg2 Nf6 8. 0-0 Nxd4 9. Qxd4 Bc5 10. Bf4 d6 11. Qd2 h6 12. Rad1 e5 13. Be3 Bxe3 14. fxe3 Be6 15. Qxd6 Rc8 16. Qxc7 Rxc7 17. Rf2 Ke7 18. Nd5+ Bxd5 19. exd5 Ne8 20. Bf1 Nd6 21. Bd3 Rd8 22. e4 Rdc8 23. c3 f6 24. Re2 Rc5 25. Kf2 a5 26. a4 R8c7 27. h4 Rc8 28. Kf3 h5 29. Kf2 Kf7 30. Ke1 Ke7 31. Kf1 Rf8 32. Kg2 Rfc8 33. Rde1 Kf7 34. Rd1 Ke7 35. Kf3 Kf7 36. Kf2 Ke7 37. Ke1 Kf7 38. Kd2 Ke7 39. Kc2 Kf7 40. Rg1 Rh8 41. Rf2 Rh6 42. Rf3 Rg6 43. b3 Rh6 44. Re3 Rh8 45. Kb2 Rb8 46. Ra1 Rbc8 47. Be2 g6 48. Rf1 Kg7 49. Rg1 Kh6 50. c4 R5c7 51. g4 hxg4 52. Bxg4 f5 53. exf5 gxf5 54. Be2 e4 55. Reg3 Rd8 56. Rg5 1-0

[Event "BUL-ch"]
[Site "Sofia"]
[Date "2023.01.28"]
[Round "9"]
[White "Petkov, Momchil"]
[Black "Yordanov, Lachezar"]
[Result "1-0"]
[WhiteElo "2523"]
[BlackElo "2335"]
[PlyCount "55"]
[EventDate "2023.01.21"]
[EventType "swiss"]
[EventRounds "9"]
[EventCountry "BUL"]
[SourceTitle "CBM 212 Extra"]
[Source "ChessBase"]
[SourceDate "2023.03.31"]
[SourceVersion "1"]
[SourceVersionDate "2023.03.31"]
[SourceQuality "1"]

1. d4 Nf6 2. c4 e6 3. Nc3 Bb4 4. g3 0-0 5. Bg2 d5 6. Nf3 dxc4 7. 0-0 Nbd7 8. Qc2 Rb8 9. e4 Be7 10. a4 a5 11. Bf4 Nb6 12. Nb5 Ne8 13. h4 Bd7 14. Rfd1 Ra8 15. Nc3 Bd6 16. e5 Be7 17. Ng5 g6 18. Bxb7 Rb8 19. Be4 Ng7 20. d5 exd5 21. Nxd5 Nxd5 22. Bxd5 Qe8 23. Qxc4 Bg4 24. Rd2 Bxg5 25. Bxg5 Be6 26. Bf6 Bxd5 27. Qxd5 Ne6 28. h5 1-0

[Event "BUL-ch"]
[Site "Sofia"]
[Date "2023.01.25"]
[Round "6"]
[White "Kanov, Nikola"]
[Black "Yordanov, Lachezar"]
[Result "0-1"]
[WhiteElo "2383"]
[BlackElo "2335"]
[PlyCount "196"]
[EventDate "2023.01.21"]
[EventType "swiss"]
[EventRounds "9"]
[EventCountry "BUL"]
[SourceTitle "CBM 212 Extra"]
[Source "ChessBase"]
[SourceDate "2023.03.31"]
[SourceVersion "1"]
[SourceVersionDate "2023.03.31"]
[SourceQuality "1"]

1. e4 c5 2. Nf3 d6 3. d4 cxd4 4. Nxd4 Nf6 5. Nc3 a6 6. Be3 e5 7. Nf3 Be7 8. Bc4 0-0 9. 0-0 Be6 10. Qe2 Qc7 11. Bb3 b5 12. Rfd1 Rc8 13. Bg5 Nbd7 14. Bxf6 Nxf6 15. Ne1 Rab8 16. Nd5 Bxd5 17. Bxd5 Nxd5 18. Rxd5 g6 19. b3 Qc3 20. Rdd1 Bd8 21. Rab1 Rc6 22. Rd3 Qa5 23. Rbd1 Qxa2 24. Rxd6 Rxd6 25. Rxd6 Be7 26. Rd7 Bb4 27. Nd3 Bc3 28. g3 Rf8 29. Kg2 Qa5 30. Qf3 Qb6 31. Rd5 Rc8 32. Qg4 Rd8 33. Rxd8+ Qxd8 34. Nc5 a5 35. Nb7 Qc7 36. Nd6 Qxd6 37. Qc8+ Kg7 38. Qxc3 a4 39. bxa4 bxa4 40. Qa5 Qd4 41. f3 h5 42. c3 Qc4 43. Qxe5+ Kh7 44. Qe7 Qe2+ 45. Kg1 Qxf3 46. Qa7 Qd1+ 47. Kg2 Qb3 48. e5 Kg8 49. Qa8+ Kg7 50. Qa7 h4 51. gxh4 Qc2+ 52. Kg1 Qd1+ 53. Kf2 Qd2+ 54. Kg1 Qe1+ 55. Kg2 Qe4+ 56. Kg1 Qg4+ 57. Kf1 Qf4+ 58. Kg2 Kh6 59. Qa8 Kg7 60. Qa7 Qg4+ 61. Kf1 Qxh4 62. e6 Qh3+ 63. Kg1 Qxe6 64. Qd4+ Qf6 65. Qxa4 Qxc3 66. Qd7 Qe5 67. Kg2 g5 68. Qd3 Qf4 69. Qc3+ Qf6 70. Qc2 Kh6 71. Qe4 Qe6 72. Qd4 f5 73. Kf2 Kg6 74. Qd8 g4 75. Qb8 Qa2+ 76. Kg1 Qd5 77. Qe8+ Kg5 78. Qe3+ Kf6 79. Kf2 Qe5 80. Qh6+ Ke7 81. Qh7+ Kd6 82. Kg2 Qd5+ 83. Kg1 Kc6 84. Qg7 Qd1+ 85. Kg2 Qf3+ 86. Kg1 Kb5 87. Qd4 Kc6 88. Qc4+ Kd6 89. Qd4+ Ke6 90. Qc4+ Qd5 91. Qc3 f4 92. Qc8+ Qd7 93. Qg8+ Ke5 94. Qb8+ Ke4 95. Qb1+ Qd3 96. Qb7+ Ke3 97. Qe7+ Kf3 98. Qb7+ Qe4 0-1

[Event "BUL-ch"]
[Site "Sofia"]
[Date "2023.01.22"]
[Round "2"]
[White "Nikolov, Momchil"]
[Black "Yordanov, Lachezar"]
[Result "1/2-1/2"]
[WhiteElo "2480"]
[BlackElo "2335"]
[PlyCount "85"]
[EventDate "2023.01.21"]
[EventType "swiss"]
[EventRounds "9"]
[EventCountry "BUL"]
[SourceTitle "CBM 212 Extra"]
[Source "ChessBase"]
[SourceDate "2023.03.31"]
[SourceVersion "1"]
[SourceVersionDate "2023.03.31"]
[SourceQuality "1"]

1. d4 Nf6 2. c4 e6 3. Nf3 d5 4. Nc3 Bb4 5. Qa4+ Nc6 6. e3 0-0 7. Bd2 dxc4 8. Bxc4 Bd6 9. Qc2 e5 10. dxe5 Nxe5 11. Nxe5 Bxe5 12. f4 Bxc3 13. Bxc3 Ng4 14. Bd4 c5 15. Bxc5 Re8 16. 0-0 Nxe3 17. Bxe3 Rxe3 18. Qf2 Qb6 19. Rae1 Rxe1 20. Rxe1 Qxf2+ 21. Kxf2 Kf8 22. Bd5 Bd7 23. Re3 Rc8 24. Bxb7 Rb8 25. Rb3 Ba4 26. Ra3 Rxb7 27. Rxa4 Rxb2+ 28. Kf3 Rb7 29. g4 g6 30. g5 Re7 31. h4 Kg7 32. Ra6 h6 33. a4 hxg5 34. hxg5 Kf8 35. a5 Ke8 36. Rd6 Re1 37. Ra6 Re7 38. Kg3 Rc7 39. Kg4 Kf8 40. Kf3 Re7 41. Rd6 Ke8 42. Rc6 Kd7 43. Ra6 1/2-1/2